Oeuvres de Balzac - Mort Subite - Statistiques

Statistiques générales
  • Ce quiz a été pris 75 fois
  • Le résultat moyen est 4 sur 14
Answers on the Grid
Answers color-coded by a green-red scale on the quiz's grid according to % correct below.
Eugénie Grandet
La Maison du Chat-qui-Pelote
Germinal
Thérèse Raquin
Salammbô
Illusions Perdues
La Fille aux Yeux Dorés
Le Chef-d'Oeuvre Inconnu
La Chartreuse de Parme
Eugénie Granet
Pierre et Jean
La Femme de Trente Ans
Le Lys dans la Vallée
Le Roseau sur la Colline
Les Chouans
L'Homme qui Rit
Une Ténébreuse Affaire
La Peau de Chagrin
La Femme de Cinquante Ans
Le Chef d'Oeuvre du Peintre
Adieu
Le Roseau dans la Vallée
Le Colonel Chabert
César Birotteau
Nana
La Fille aux Yeux d'Or
Le Père Goriot
Le Général Chabert
 
Statistiques - réponses
Réponse % Correct
Eugénie Grandet
77%
Illusions Perdues
52%
Le Père Goriot
52%
La Peau de Chagrin
38%
Le Colonel Chabert
35%
Le Lys dans la Vallée
29%
Les Chouans
25%
La Femme de Trente Ans
23%
La Maison du Chat-qui-Pelote
21%
Le Chef-d'Oeuvre Inconnu
21%
La Fille aux Yeux d'Or
19%
César Birotteau
17%
Une Ténébreuse Affaire
17%
Adieu
13%
Aucun quiz correspondant
Distribution des résultats
% des personnes avec chaque résultat
Percentile par nombre de réponses
Votre historique - résultats
Vous n’avez pas pris ce quiz